00387pab a2200145 454500008004000000100002200040245005800062260000900120300001400129362000800143650001800151650001900169700001900188773003400207180718b2008 xxu||||| |||| 00| 0 eng d aJoseph, Josantony aEthics for social workers in the era of globalisation c2008 ap.271-87. aApr aGlobalization aSocial workers aJoseph, Hellen aIndian Journal of Social Work